MARC

LEADER 00000nam0a2200000 4500
001 315298
005 20231102002750.0
020 |a RU  |b 82-66982 
035 |a (RuTPU)RU\TPU\book\340731 
090 |a 315298 
100 |a 20160229d1982 km y0rusy5003 ca 
101 0 |a rus 
102 |a RU 
105 |a a z 001zy 
200 1 |a Электроемкостные преобразователи для неразрушающего контроля  |f И. Г. Матис  |g Академия наук Латвийской ССР (АН ЛатССР), Институт механики полимеров (ИМП) 
205 |a 2-е изд., перераб. и доп. 
210 |a Рига  |c Зинатне  |d 1982 
215 |a 302 с.  |c ил. 
320 |9 572  |a Библиогр.: с. 274-294 
320 |9 572  |a Предм. указ.: с. 299-302 
606 1 |a Неразрушающий контроль  |2 stltpush  |3 (RuTPU)RU\TPU\subj\66931  |9 82903 
606 1 |a Полимеры  |x Диэлектрические свойства  |2 stltpush  |3 (RuTPU)RU\TPU\subj\50240  |9 68964 
610 1 |a дтчики емкостные 
610 1 |a диэлектрики 
610 1 |a электрическое поле 
610 1 |a электроемкость 
610 1 |a преобразователи 
610 1 |a конденсаторы 
610 1 |a расчет 
610 1 |a слоистые диэлектрики 
610 1 |a проектирование 
610 1 |a емкостные преобразователи 
675 |a 620.179.1  |z rus  |v 3 
675 |a 678.01:53  |z rus  |v 3 
700 1 |a Матис  |b И. Г.  |g Имант Густович  |4 070 
712 0 2 |a Академия наук Латвийской ССР (АН ЛатССР)  |b Институт механики полимеров (ИМП)  |2 stltpush  |3 (RuTPU)RU\TPU\col\13264 
801 0 |a RU  |b RuMRKP  |c 19950704  |g psbo 
801 1 |a RU  |b 63413507  |c 20160229 
801 2 |a RU  |b 63413507  |c 20200716  |g RCR 
942 |c BK